000 00416nam a2200157Ia 4500
008 240729s9999 xx 000 0 und d
022 _a1338-4333
245 0 _aJournal of Hydrology and Hydromechanics
260 _aPoland
260 _bSciendo
650 _a Hydraulic engineering
650 _aTechnology
856 _uhttps://doaj.org/toc/1b97b1f964ee482ca066479d49628b5a
942 _2ddc
942 _cDOAJEJ
999 _c72054
_d72054
945 _a1
_bMadushi Gamage
_c1
_dMadushi Gamage